Porto Best Scorer By Year - Statistics

General Stats
  • This quiz has been taken 478 times
    101 since last reset
  • The average score is 12 of 42
Answer Stats
Player % Correct
Radamel Falcao
89%
Mehdi Taremi
83%
Moussa Marega
79%
Hulk
76%
Jackson Martínez
74%
Fernando Gomes
73%
Mário Jardel
70%
Evanilson
66%
Samu Omorodion
65%
Vincent Aboubakar
56%
André Silva
52%
Tiquinho Soares
51%
Deco
44%
Lisandro López
35%
Benni McCarthy
34%
Hélder Postiga
32%
Domingos Paciência
30%
Lucho González
27%
Monteiro da Costa
20%
Pena
17%
Teófilo Cubillas
16%
Emil Kostadinov
11%
Adriano
10%
Custódio Pinto
10%
Ernesto Farías
10%
Hernâni
9%
Rui Águas
9%
Jacques
7%
Manuel António
7%
António Lemos
6%
Mickey Walsh
6%
António Teixeira
5%
Vieira
5%
Abel
4%
Jaburú
4%
José Maria Pedroto
4%
Djalma
2%
Flávio Minuano
2%
Ion Timofte
2%
Azumir
1%
Humaitá
1%
Valdir
1%
No matching quizzes found
Score Distribution
Percent of People with Each Score
Percentile by Number Answered
Your Score History
You have not taken this quiz since the last reset